[Event "European Women's Championship"]
[Site "Vysoke Tatry"]
[Date "2018.04.16"]
[Round "8"]
[White "Antolak, Julia"]
[Black "Theissl Pokorna, Regina"]
[Result "1-0"]
[Board "41"]
[WhiteElo "2212"]
[WhiteTitle "WFM"]
[WhiteCountry "POL"]
[WhiteFideId "1159569"]
[WhiteEloChange "13"]
[BlackElo "2320"]
[BlackTitle "WGM"]
[BlackCountry "AUT"]
[BlackFideId "14902052"]
[BlackEloChange "-13"]

1. e4 {[%clk 1:30:57]} e5 {[%clk 1:30:56]} 2. Nf3 {[%clk 1:31:22]} Nc6 {[%clk
1:31:22]} 3. Bb5 {[%clk 1:31:47]} a6 {[%clk 1:31:37]} 4. Ba4 {[%clk 1:32:13]} d6
{[%clk 1:31:57]} 5. O-O {[%clk 1:32:24]} Bd7 {[%clk 1:32:21]} 6. c3 {[%clk
1:28:53]} g6 {[%clk 1:32:34]} 7. d4 {[%clk 1:25:00]} Bg7 {[%clk 1:32:43]} 8. d5
{[%clk 1:22:50]} Nce7 {[%clk 1:32:00]} 9. c4 {[%clk 1:22:21]} Nf6 {[%clk
1:32:00]} 10. Nc3 {[%clk 1:20:45]} O-O {[%clk 1:31:19]} 11. b4 {[%clk 1:03:31]}
h6 {[%clk 1:18:10]} 12. Ne1 {[%clk 0:52:24]} Bxa4 {[%clk 1:08:09]} 13. Qxa4
{[%clk 0:52:41]} Nh5 {[%clk 1:08:35]} 14. Nd3 {[%clk 0:46:33]} f5 {[%clk
1:03:55]} 15. Bd2 {[%clk 0:43:27]} Nf4 {[%clk 1:00:06]} 16. Qc2 {[%clk 0:40:38]}
g5 {[%clk 0:58:00]} 17. Rae1 {[%clk 0:34:59]} Nxd3 {[%clk 0:46:36]} 18. Qxd3
{[%clk 0:35:21]} f4 {[%clk 0:47:02]} 19. f3 {[%clk 0:33:03]} Kh8 {[%clk 0:46:24]}
20. Nd1 {[%clk 0:30:56]} Qd7 {[%clk 0:45:44]} 21. Nf2 {[%clk 0:29:48]} Rf7 {[%clk
0:43:55]} 22. Rb1 {[%clk 0:28:48]} h5 {[%clk 0:37:04]} 23. h3 {[%clk 0:28:14]}
Ng8 {[%clk 0:36:51]} 24. c5 {[%clk 0:26:56]} Nh6 {[%clk 0:35:05]} 25. Rfc1 {[%clk
0:22:51]} Bf6 {[%clk 0:33:47]} 26. b5 {[%clk 0:19:20]} dxc5 {[%clk 0:21:23]} 27.
Rxc5 {[%clk 0:18:09]} Be7 {[%clk 0:21:13]} 28. Rc2 {[%clk 0:17:36]} Bd6 {[%clk
0:20:11]} 29. bxa6 {[%clk 0:17:15]} bxa6 {[%clk 0:19:33]} 30. Bb4 {[%clk
0:14:15]} g4 {[%clk 0:17:31]} 31. Bxd6 {[%clk 0:13:43]} cxd6 {[%clk 0:17:57]} 32.
hxg4 {[%clk 0:13:20]} hxg4 {[%clk 0:18:21]} 33. Nxg4 {[%clk 0:12:54]} Nxg4 {[%clk
0:18:30]} 34. fxg4 {[%clk 0:13:20]} Rg8 {[%clk 0:16:53]} 35. Qf3 {[%clk 0:12:30]}
Qa7+ {[%clk 0:11:08]} 36. Qf2 {[%clk 0:12:14]} Qe7 {[%clk 0:11:25]} 37. Rc6
{[%clk 0:09:16]} Rxg4 {[%clk 0:07:17]} 38. Rb8+ {[%clk 0:08:29]} Rg8 {[%clk
0:06:34]} 39. Rxg8+ {[%clk 0:07:48]} Kxg8 {[%clk 0:07:00]} 40. Rxa6 {[%clk
0:37:22]} Rg7 {[%clk 0:36:50]} 41. a4 {[%clk 0:26:09]} Qf8 {[%clk 0:33:00]} 42.
Ra7 {[%clk 0:19:38]} Qc8 {[%clk 0:18:17]} 43. Rxg7+ {[%clk 0:18:43]} Kxg7 {[%clk
0:18:46]} 44. Qh4 {[%clk 0:11:39]} Qc1+ {[%clk 0:17:33]} 45. Kh2 {[%clk 0:12:03]}
Qa3 {[%clk 0:15:03]} 46. Qg4+ {[%clk 0:10:23]} Kf7 {[%clk 0:15:06]} 47. a5 {[%clk
0:09:30]} Qxa5 {[%clk 0:12:20]} 48. Qe6+ {[%clk 0:08:49]} Kg7 {[%clk 0:12:46]}
49. Qe7+ {[%clk 0:09:05]} Kg8 {[%clk 0:13:12]} 50. Qxd6 {[%clk 0:08:46]} Qe1
{[%clk 0:12:20]} 51. Qg6+ {[%clk 0:08:21]} Kf8 {[%clk 0:12:17]} 52. Qf6+ {[%clk
0:08:40]} Kg8 {[%clk 0:12:39]} 53. Qg5+ {[%clk 0:09:04]} Kf7 {[%clk 0:05:56]} 54.
d6 {[%clk 0:09:16]} Qd2 {[%clk 0:05:38]} 55. Qf5+ {[%clk 0:09:17]} Kg8 {[%clk
0:05:25]} 56. Qe6+ {[%clk 0:08:39]} Kh7 {[%clk 0:04:45]} 57. Qe7+ {[%clk
0:06:46]} Kg6 {[%clk 0:04:28]} 58. Qe8+ {[%clk 0:05:40]} Kh6 {[%clk 0:03:54]} 59.
d7 {[%clk 0:04:52]} f3 {[%clk 0:02:23]} 60. Qh8+ {[%clk 0:05:16]} Kg6 {[%clk
0:02:35]} 61. Qg8+ {[%clk 0:05:42]} 1-0

[Event "European Women's Championship"]
[Site "Vysoke Tatry"]
[Date "2018.04.16"]
[Round "8"]
[White "Mrvova, Alena"]
[Black "Eric, Jovana"]
[Result "1/2-1/2"]
[Board "42"]
[WhiteElo "2179"]
[WhiteTitle "WIM"]
[WhiteCountry "SVK"]
[WhiteFideId "14902036"]
[WhiteEloChange "3"]
[BlackElo "2300"]
[BlackTitle "WIM"]
[BlackCountry "SRB"]
[BlackFideId "938238"]
[BlackEloChange "-3"]

1. e4 {[%clk 1:30:52]} e6 {[%clk 1:30:53]} 2. d3 {[%clk 1:30:52]} d5 {[%clk
1:30:55]} 3. Nd2 {[%clk 1:30:17]} Nf6 {[%clk 1:30:37]} 4. Ngf3 {[%clk 1:29:40]}
c5 {[%clk 1:30:16]} 5. g3 {[%clk 1:28:27]} Nc6 {[%clk 1:29:23]} 6. Bg2 {[%clk
1:28:25]} b5 {[%clk 1:27:43]} 7. O-O {[%clk 1:28:02]} Bb7 {[%clk 1:27:08]} 8. Re1
{[%clk 1:19:26]} Be7 {[%clk 1:23:47]} 9. c3 {[%clk 1:16:41]} Qb6 {[%clk 1:18:18]}
10. exd5 {[%clk 1:14:19]} Nxd5 {[%clk 1:16:51]} 11. Ne4 {[%clk 1:09:12]} O-O
{[%clk 1:15:04]} 12. Qe2 {[%clk 1:05:09]} h6 {[%clk 1:10:40]} 13. h4 {[%clk
1:04:05]} Rad8 {[%clk 1:08:43]} 14. Nh2 {[%clk 1:03:39]} f5 {[%clk 1:02:46]} 15.
Ng5 {[%clk 0:56:39]} hxg5 {[%clk 1:02:49]} 16. Qxe6+ {[%clk 0:57:04]} Kh8 {[%clk
1:03:15]} 17. hxg5 {[%clk 0:56:31]} Rd6 {[%clk 0:54:29]} 18. Qe2 {[%clk 0:56:41]}
g6 {[%clk 0:54:25]} 19. Nf3 {[%clk 0:50:29]} Kh7 {[%clk 0:42:24]} 20. c4 {[%clk
0:48:25]} bxc4 {[%clk 0:42:19]} 21. dxc4 {[%clk 0:48:51]} Nc7 {[%clk 0:37:24]}
22. Bf4 {[%clk 0:44:56]} Re6 {[%clk 0:35:44]} 23. Qc2 {[%clk 0:44:47]} Nb4 {[%clk
0:34:10]} 24. Qb3 {[%clk 0:43:38]} Be4 {[%clk 0:29:34]} 25. a3 {[%clk 0:36:47]}
Nba6 {[%clk 0:29:46]} 26. Qc3 {[%clk 0:36:37]} Rb8 {[%clk 0:29:55]} 27. Be5
{[%clk 0:32:03]} Qb3 {[%clk 0:27:31]} 28. Qd2 {[%clk 0:29:11]} Bxf3 {[%clk
0:25:17]} 29. Re3 {[%clk 0:27:28]} Qxc4 {[%clk 0:24:31]} 30. Bxf3 {[%clk
0:26:59]} Rd8 {[%clk 0:23:26]} 31. Qa5 {[%clk 0:23:15]} Nd5 {[%clk 0:19:07]} 32.
b3 {[%clk 0:20:22]} Nxe3 {[%clk 0:14:22]} 33. bxc4 {[%clk 0:20:48]} Nxc4 {[%clk
0:14:48]} 34. Qc3 {[%clk 0:21:11]} Nxe5 {[%clk 0:15:14]} 35. Kg2 {[%clk 0:21:34]}
Rd3 {[%clk 0:13:56]} 36. Rh1+ {[%clk 0:21:50]} Kg7 {[%clk 0:14:22]} 37. Qb2
{[%clk 0:19:30]} Rxf3 {[%clk 0:13:04]} 38. Qb7 {[%clk 0:19:57]} Nf7 {[%clk
0:05:18]} 39. Kxf3 {[%clk 0:19:01]} Nxg5+ {[%clk 0:05:13]} 40. Kg2 {[%clk
0:49:23]} Nf7 {[%clk 0:34:41]} 41. Rd1 {[%clk 0:46:42]} c4 {[%clk 0:32:28]} 42.
Qc8 {[%clk 0:46:06]} Nc5 {[%clk 0:30:19]} 43. Rc1 {[%clk 0:41:05]} Re4 {[%clk
0:28:09]} 44. Rc2 {[%clk 0:39:33]} Nd3 {[%clk 0:25:47]} 45. Rc3 {[%clk 0:39:26]}
Nd6 {[%clk 0:23:58]} 46. Qa6 {[%clk 0:37:33]} Re2 {[%clk 0:17:14]} 47. Rxd3
{[%clk 0:37:57]} cxd3 {[%clk 0:17:33]} 48. Qxd3 {[%clk 0:38:23]} Re4 {[%clk
0:17:12]} 49. Qa6 {[%clk 0:38:29]} Nc4 {[%clk 0:15:28]} 50. a4 {[%clk 0:35:23]}
Bc5 {[%clk 0:08:47]} 51. a5 {[%clk 0:35:25]} Nd6 {[%clk 0:07:14]} 52. Qc6 {[%clk
0:34:04]} Rc4 {[%clk 0:07:39]} 53. Qc7+ {[%clk 0:31:16]} Nf7 {[%clk 0:07:47]} 54.
f4 {[%clk 0:29:27]} Rc2+ {[%clk 0:08:08]} 55. Kf1 {[%clk 0:29:51]} Rc3 {[%clk
0:08:08]} 56. Ke2 {[%clk 0:29:30]} Kf6 {[%clk 0:05:51]} 57. Qc8 {[%clk 0:27:49]}
Bb4 {[%clk 0:05:20]} 58. Qa6+ {[%clk 0:25:23]} Nd6 {[%clk 0:05:13]} 59. Qxa7
{[%clk 0:25:39]} Rc2+ {[%clk 0:03:22]} 60. Kd1 {[%clk 0:25:53]} Rd2+ {[%clk
0:03:48]} 61. Kc1 {[%clk 0:26:04]} Rd5 {[%clk 0:03:25]} 62. a6 {[%clk 0:25:11]}
Rc5+ {[%clk 0:03:28]} 63. Kb1 {[%clk 0:24:47]} Nc4 {[%clk 0:03:20]} 64. Ka2
{[%clk 0:23:06]} Nd6 {[%clk 0:02:34]} 65. Qb6 {[%clk 0:21:32]} Rb5 {[%clk
0:02:05]} 66. Qd8+ {[%clk 0:21:26]} Kf7 {[%clk 0:02:23]} 67. a7 {[%clk 0:21:38]}
Ra5+ {[%clk 0:01:20]} 68. Qxa5 {[%clk 0:22:00]} Bxa5 {[%clk 0:01:48]} 69. a8Q
{[%clk 0:22:23]} Bb4 {[%clk 0:01:26]} 70. Qc6 {[%clk 0:22:06]} Ke6 {[%clk
0:01:43]} 71. Kb3 {[%clk 0:22:21]} Be1 {[%clk 0:02:03]} 72. Qf3 {[%clk 0:22:09]}
Ne4 {[%clk 0:02:27]} 73. Kc2 {[%clk 0:20:16]} Bxg3 {[%clk 0:02:53]} 74. Qb3+
{[%clk 0:19:48]} Kf6 {[%clk 0:03:18]} 75. Qb2+ {[%clk 0:19:36]} Kf7 {[%clk
0:03:44]} 76. Qe5 {[%clk 0:19:31]} Nf6 {[%clk 0:03:04]} 77. Qc7+ {[%clk 0:18:37]}
Kf8 {[%clk 0:02:14]} 78. Qb8+ {[%clk 0:17:36]} Kg7 {[%clk 0:02:29]} 79. Qc7+
{[%clk 0:16:10]} Kf8 {[%clk 0:02:52]} 80. Qc5+ {[%clk 0:15:17]} Kf7 {[%clk
0:02:53]} 81. Qc4+ {[%clk 0:14:09]} Kg7 {[%clk 0:02:57]} 82. Qb4 {[%clk 0:12:20]}
Nh5 {[%clk 0:02:02]} 83. Qe7+ {[%clk 0:12:39]} Kg8 {[%clk 0:02:12]} 84. Qe8+
{[%clk 0:11:08]} Kg7 {[%clk 0:02:36]} 85. Qe7+ {[%clk 0:11:35]} Kg8 {[%clk
0:03:03]} 86. Qe8+ {[%clk 0:09:55]} Kg7 {[%clk 0:03:28]} 87. Qe7+ {[%clk
0:10:18]} Kg8 {[%clk 0:03:54]} 88. Qe8+ {[%clk 0:10:44]} Kg7 {[%clk 0:04:19]}
1/2-1/2

[Event "European Women's Championship"]
[Site "Vysoke Tatry"]
[Date "2018.04.16"]
[Round "8"]
[White "Fuchs, Judith"]
[Black "Novosadova, Kristyna"]
[Result "0-1"]
[Board "43"]
[WhiteElo "2286"]
[WhiteTitle "WGM"]
[WhiteCountry "GER"]
[WhiteFideId "24605611"]
[WhiteEloChange "-11"]
[BlackElo "2240"]
[BlackCountry "CZE"]
[BlackFideId "328065"]
[BlackEloChange "11"]

1. e4 {[%clk 1:30:56]} e5 {[%clk 1:30:49]} 2. Nf3 {[%clk 1:31:18]} Nc6 {[%clk
1:31:15]} 3. Bc4 {[%clk 1:31:42]} Nf6 {[%clk 1:31:38]} 4. d4 {[%clk 1:31:44]}
exd4 {[%clk 1:31:24]} 5. e5 {[%clk 1:32:05]} d5 {[%clk 1:31:16]} 6. Bb5 {[%clk
1:32:19]} Ne4 {[%clk 1:31:35]} 7. Nxd4 {[%clk 1:32:33]} Bd7 {[%clk 1:31:52]} 8.
Bxc6 {[%clk 1:32:49]} bxc6 {[%clk 1:32:18]} 9. O-O {[%clk 1:32:59]} Bc5 {[%clk
1:32:40]} 10. f3 {[%clk 1:33:12]} Ng5 {[%clk 1:32:29]} 11. Be3 {[%clk 1:33:26]}
Bb6 {[%clk 1:30:54]} 12. f4 {[%clk 1:33:16]} Ne4 {[%clk 1:31:19]} 13. Nd2 {[%clk
1:33:29]} Nxd2 {[%clk 1:31:38]} 14. Qxd2 {[%clk 1:33:52]} c5 {[%clk 1:31:28]} 15.
Nf3 {[%clk 1:34:09]} d4 {[%clk 1:31:42]} 16. Bf2 {[%clk 1:34:34]} Bc6 {[%clk
1:31:41]} 17. Qd3 {[%clk 1:34:46]} Qd5 {[%clk 1:23:44]} 18. a4 {[%clk 1:34:05]}
a5 {[%clk 1:07:29]} 19. Rfe1 {[%clk 1:33:37]} Bb7 {[%clk 0:53:42]} 20. b3 {[%clk
1:30:06]} O-O-O {[%clk 0:49:57]} 21. Re2 {[%clk 1:27:36]} f6 {[%clk 0:45:26]} 22.
Rae1 {[%clk 0:59:03]} Kb8 {[%clk 0:38:42]} 23. Bh4 {[%clk 0:53:23]} g5 {[%clk
0:37:01]} 24. fxg5 {[%clk 0:46:33]} fxg5 {[%clk 0:37:22]} 25. Nxg5 {[%clk
0:45:45]} Rdg8 {[%clk 0:28:34]} 26. Ne4 {[%clk 0:42:35]} Rg4 {[%clk 0:25:49]} 27.
Bg3 {[%clk 0:40:28]} Rg6 {[%clk 0:21:58]} 28. Nf6 {[%clk 0:36:55]} Qe6 {[%clk
0:19:06]} 29. Kh1 {[%clk 0:28:20]} Ka7 {[%clk 0:17:42]} 30. c4 {[%clk 0:25:09]}
dxc3 {[%clk 0:15:15]} 31. Qxc3 {[%clk 0:25:29]} h5 {[%clk 0:13:28]} 32. Qc4
{[%clk 0:18:06]} Qc6 {[%clk 0:06:08]} 33. Qh4 {[%clk 0:17:40]} Qe6 {[%clk
0:04:59]} 34. Qc4 {[%clk 0:14:55]} Qc6 {[%clk 0:05:26]} 35. Qe4 {[%clk 0:13:23]}
Qxe4 {[%clk 0:02:05]} 36. Nxe4 {[%clk 0:13:51]} h4 {[%clk 0:01:36]} 37. Bf2
{[%clk 0:12:21]} h3 {[%clk 0:01:53]} 38. Bg3 {[%clk 0:11:48]} Bd5 {[%clk
0:01:01]} 39. gxh3 {[%clk 0:05:13]} Rxh3 {[%clk 0:01:21]} 40. Kg2 {[%clk
0:32:58]} Rh5 {[%clk 0:31:05]} 41. Kf3 {[%clk 0:26:53]} Bxb3 {[%clk 0:19:39]} 42.
Nc3 {[%clk 0:21:55]} Be6 {[%clk 0:16:18]} 43. Re4 {[%clk 0:21:26]} c4 {[%clk
0:10:38]} 44. Rf4 {[%clk 0:21:12]} Bc5 {[%clk 0:08:24]} 45. Rh4 {[%clk 0:15:52]}
Rxh4 {[%clk 0:08:09]} 46. Bxh4 {[%clk 0:16:21]} Bb4 {[%clk 0:07:10]} 47. Rc1
{[%clk 0:14:02]} Kb7 {[%clk 0:06:06]} 48. Bg3 {[%clk 0:13:41]} Rg8 {[%clk
0:06:07]} 49. Ne2 {[%clk 0:08:58]} Bg4+ {[%clk 0:06:11]} 50. Kf2 {[%clk 0:09:09]}
Rf8+ {[%clk 0:05:38]} 51. Nf4 {[%clk 0:09:17]} c3 {[%clk 0:04:20]} 52. Ke3 {[%clk
0:08:43]} Bf5 {[%clk 0:03:48]} 53. Nd3 {[%clk 0:06:33]} Rd8 {[%clk 0:03:47]} 54.
Ne1 {[%clk 0:06:48]} Kc6 {[%clk 0:03:16]} 55. Kf4 {[%clk 0:06:50]} Be6 {[%clk
0:02:32]} 56. h4 {[%clk 0:05:29]} Kc5 {[%clk 0:02:55]} 57. Nc2 {[%clk 0:04:41]}
Kc4 {[%clk 0:02:28]} 58. Bf2 {[%clk 0:04:34]} Rf8+ {[%clk 0:02:09]} 59. Kg3
{[%clk 0:05:00]} c5 {[%clk 0:02:05]} 60. Rb1 {[%clk 0:04:05]} Kd3 {[%clk
0:02:05]} 61. Rc1 {[%clk 0:03:38]} Rg8+ {[%clk 0:02:17]} 62. Kf4 {[%clk 0:03:42]}
Rf8+ {[%clk 0:02:37]} 63. Kg3 {[%clk 0:04:11]} Bb3 {[%clk 0:02:32]} 64. Ne3
{[%clk 0:03:38]} c2 {[%clk 0:02:48]} 65. Rh1 {[%clk 0:03:15]} c4 {[%clk 0:02:06]}
66. h5 {[%clk 0:01:19]} Rxf2 {[%clk 0:02:07]} 67. Kxf2 {[%clk 0:01:41]} Bc5
{[%clk 0:02:34]} 68. e6 {[%clk 0:00:45]} Bxe3+ {[%clk 0:02:55]} 69. Kf3 {[%clk
0:01:14]} Bxa4 {[%clk 0:03:13]} 70. h6 {[%clk 0:01:26]} Bc6+ {[%clk 0:03:23]} 0-1

[Event "European Women's Championship"]
[Site "Vysoke Tatry"]
[Date "2018.04.16"]
[Round "8"]
[White "Yildiz Kadioglu, Betul Cemre"]
[Black "Nemcova, Karin"]
[Result "1-0"]
[Board "44"]
[WhiteElo "2286"]
[WhiteTitle "WGM"]
[WhiteCountry "TUR"]
[WhiteFideId "6302920"]
[WhiteEloChange "3"]
[BlackElo "1992"]
[BlackCountry "CZE"]
[BlackFideId "360821"]
[BlackEloChange "-3"]

1. d4 {[%clk 1:30:57]} Nf6 {[%clk 1:30:49]} 2. Nf3 {[%clk 1:31:23]} e6 {[%clk
1:31:05]} 3. c4 {[%clk 1:31:26]} d5 {[%clk 1:31:20]} 4. Nc3 {[%clk 1:31:49]} Bb4
{[%clk 1:31:12]} 5. Qb3 {[%clk 1:32:12]} c5 {[%clk 1:30:19]} 6. dxc5 {[%clk
1:32:37]} Nc6 {[%clk 1:30:35]} 7. Bg5 {[%clk 1:31:50]} h6 {[%clk 1:26:48]} 8.
Bxf6 {[%clk 1:25:48]} Qxf6 {[%clk 1:26:52]} 9. cxd5 {[%clk 1:22:11]} exd5 {[%clk
1:26:39]} 10. O-O-O {[%clk 1:14:42]} Bxc3 {[%clk 1:22:02]} 11. Qxc3 {[%clk
1:15:04]} Qxc3+ {[%clk 1:21:24]} 12. bxc3 {[%clk 1:15:33]} Be6 {[%clk 1:21:02]}
13. Nd4 {[%clk 1:11:24]} a6 {[%clk 1:16:38]} 14. Nxc6 {[%clk 0:59:32]} bxc6
{[%clk 1:17:07]} 15. e3 {[%clk 0:59:57]} Bf5 {[%clk 1:12:00]} 16. Rd4 {[%clk
0:56:56]} a5 {[%clk 1:06:51]} 17. Bd3 {[%clk 0:45:31]} Bxd3 {[%clk 1:06:01]} 18.
Rxd3 {[%clk 0:46:00]} O-O {[%clk 1:04:26]} 19. a4 {[%clk 0:46:00]} f5 {[%clk
1:00:01]} 20. g3 {[%clk 0:41:54]} Rab8 {[%clk 0:55:38]} 21. Kc2 {[%clk 0:40:42]}
g5 {[%clk 0:51:55]} 22. Rd4 {[%clk 0:38:30]} Rb7 {[%clk 0:48:20]} 23. Rb1 {[%clk
0:37:39]} Rxb1 {[%clk 0:42:59]} 24. Kxb1 {[%clk 0:38:08]} Kg7 {[%clk 0:42:46]}
25. c4 {[%clk 0:34:23]} dxc4 {[%clk 0:38:29]} 26. Kc2 {[%clk 0:33:55]} f4 {[%clk
0:31:34]} 27. gxf4 {[%clk 0:24:41]} gxf4 {[%clk 0:31:52]} 28. Rd6 {[%clk
0:17:07]} fxe3 {[%clk 0:26:09]} 29. fxe3 {[%clk 0:17:35]} Rf2+ {[%clk 0:25:11]}
30. Kc3 {[%clk 0:18:04]} Ra2 {[%clk 0:23:12]} 31. Rxc6 {[%clk 0:17:41]} Rxa4
{[%clk 0:23:30]} 32. Rd6 {[%clk 0:12:00]} Rb4 {[%clk 0:16:46]} 33. c6 {[%clk
0:11:26]} Rb8 {[%clk 0:16:43]} 34. Kxc4 {[%clk 0:11:46]} a4 {[%clk 0:11:07]} 35.
c7 {[%clk 0:09:54]} Rc8 {[%clk 0:11:28]} 36. Rc6 {[%clk 0:09:46]} Kf7 {[%clk
0:11:27]} 37. Kb4 {[%clk 0:09:30]} Ke7 {[%clk 0:11:16]} 38. Kxa4 {[%clk 0:09:12]}
Kd7 {[%clk 0:11:40]} 39. Kb5 {[%clk 0:09:35]} Re8 {[%clk 0:11:56]} 40. c8Q+
{[%clk 0:39:42]} 1-0

[Event "European Women's Championship"]
[Site "Vysoke Tatry"]
[Date "2018.04.16"]
[Round "8"]
[White "Buksa, Nataliya"]
[Black "Sandu, Mihaela"]
[Result "1/2-1/2"]
[Board "45"]
[WhiteElo "2357"]
[WhiteTitle "WGM"]
[WhiteCountry "UKR"]
[WhiteFideId "14123622"]
[WhiteEloChange "-3"]
[BlackElo "2240"]
[BlackTitle "WGM"]
[BlackCountry "ROU"]
[BlackFideId "1204327"]
[BlackEloChange "3"]

1. e4 {[%clk 1:30:57]} c5 {[%clk 1:30:54]} 2. Nf3 {[%clk 1:31:23]} d6 {[%clk
1:31:21]} 3. d4 {[%clk 1:31:49]} cxd4 {[%clk 1:31:48]} 4. Nxd4 {[%clk 1:32:16]}
Nf6 {[%clk 1:32:14]} 5. Nc3 {[%clk 1:32:41]} a6 {[%clk 1:32:41]} 6. Be3 {[%clk
1:33:01]} e6 {[%clk 1:32:42]} 7. Be2 {[%clk 1:33:22]} Nbd7 {[%clk 1:32:43]} 8. g4
{[%clk 1:26:35]} h6 {[%clk 1:32:20]} 9. Qd2 {[%clk 1:24:56]} b5 {[%clk 1:29:51]}
10. a3 {[%clk 1:19:01]} Bb7 {[%clk 1:29:26]} 11. f3 {[%clk 1:19:24]} Rc8 {[%clk
1:24:31]} 12. O-O-O {[%clk 1:18:20]} Nb6 {[%clk 1:09:27]} 13. g5 {[%clk 0:46:17]}
hxg5 {[%clk 1:08:31]} 14. Bxg5 {[%clk 0:44:23]} Nc4 {[%clk 1:04:36]} 15. Bxc4
{[%clk 0:42:56]} Rxc4 {[%clk 1:04:58]} 16. h4 {[%clk 0:36:45]} Qc8 {[%clk
1:01:18]} 17. Kb1 {[%clk 0:36:06]} Nd7 {[%clk 0:41:02]} 18. Nde2 {[%clk 0:15:53]}
Nb6 {[%clk 0:28:29]} 19. Be3 {[%clk 0:12:13]} Na4 {[%clk 0:27:58]} 20. Nxa4
{[%clk 0:11:23]} bxa4 {[%clk 0:25:27]} 21. Bd4 {[%clk 0:11:24]} e5 {[%clk
0:22:30]} 22. Be3 {[%clk 0:11:42]} d5 {[%clk 0:22:09]} 23. exd5 {[%clk 0:11:22]}
Bd6 {[%clk 0:22:06]} 24. h5 {[%clk 0:10:47]} f5 {[%clk 0:20:22]} 25. f4 {[%clk
0:10:37]} O-O {[%clk 0:19:28]} 26. Rdg1 {[%clk 0:08:47]} Rf6 {[%clk 0:11:26]} 27.
Rg5 {[%clk 0:08:17]} Rc7 {[%clk 0:08:45]} 28. Rhg1 {[%clk 0:08:28]} Qe8 {[%clk
0:07:29]} 29. Ng3 {[%clk 0:05:20]} Qb5 {[%clk 0:07:49]} 30. Ka1 {[%clk 0:02:23]}
Bxd5 {[%clk 0:07:34]} 31. Nxf5 {[%clk 0:01:48]} Rxf5 {[%clk 0:07:40]} 32. Rxf5
{[%clk 0:01:50]} Rb7 {[%clk 0:07:39]} 33. Qc3 {[%clk 0:02:04]} Be6 {[%clk
0:06:56]} 34. Rf6 {[%clk 0:01:24]} Qd5 {[%clk 0:05:10]} 35. Rxe6 {[%clk 0:01:50]}
Qxe6 {[%clk 0:05:35]} 36. fxe5 {[%clk 0:02:11]} Rc7 {[%clk 0:05:26]} 37. Qd3
{[%clk 0:01:09]} Bxe5 {[%clk 0:05:49]} 38. Qd8+ {[%clk 0:01:17]} Kh7 {[%clk
0:06:01]} 39. Qd3+ {[%clk 0:01:44]} Kg8 {[%clk 0:06:27]} 40. h6 {[%clk 0:31:43]}
Rd7 {[%clk 0:35:23]} 41. Qf1 {[%clk 0:24:36]} Bxb2+ {[%clk 0:15:19]} 42. Kxb2
{[%clk 0:25:00]} Rb7+ {[%clk 0:15:45]} 43. Kc3 {[%clk 0:25:18]} Qxe3+ {[%clk
0:14:06]} 44. Qd3 {[%clk 0:25:45]} Rc7+ {[%clk 0:10:27]} 45. Kb4 {[%clk 0:17:04]}
Rb7+ {[%clk 0:10:22]} 46. Kc3 {[%clk 0:17:28]} Rc7+ {[%clk 0:10:43]} 47. Kb4
{[%clk 0:17:53]} Rb7+ {[%clk 0:08:43]} 48. Kc3 {[%clk 0:18:19]} Rc7+ {[%clk
0:09:06]} 49. Kb4 {[%clk 0:18:09]} 1/2-1/2

[Event "European Women's Championship"]
[Site "Vysoke Tatry"]
[Date "2018.04.16"]
[Round "8"]
[White "Ghukasyan, Siranush"]
[Black "Mamedjarova, Zeinab"]
[Result "0-1"]
[Board "46"]
[WhiteElo "2195"]
[WhiteTitle "WIM"]
[WhiteCountry "ARM"]
[WhiteFideId "13300946"]
[WhiteEloChange "-6"]
[BlackElo "2355"]
[BlackTitle "WGM"]
[BlackCountry "AZE"]
[BlackFideId "13401521"]
[BlackEloChange "6"]

1. e4 {[%clk 1:30:54]} e5 {[%clk 1:30:24]} 2. Nf3 {[%clk 1:31:18]} d6 {[%clk
1:30:38]} 3. d4 {[%clk 1:31:43]} Nd7 {[%clk 1:30:40]} 4. Bc4 {[%clk 1:32:08]}
exd4 {[%clk 1:28:02]} 5. Qxd4 {[%clk 1:28:39]} Ngf6 {[%clk 1:25:48]} 6. O-O
{[%clk 1:24:28]} Be7 {[%clk 1:18:09]} 7. Nc3 {[%clk 1:20:54]} O-O {[%clk
1:17:31]} 8. a4 {[%clk 1:17:07]} Nb6 {[%clk 1:08:04]} 9. Bb3 {[%clk 1:15:56]} Bg4
{[%clk 1:08:08]} 10. Qd3 {[%clk 1:13:50]} Nfd7 {[%clk 1:05:50]} 11. Nd4 {[%clk
0:54:27]} c5 {[%clk 1:03:34]} 12. Ndb5 {[%clk 0:49:06]} c4 {[%clk 0:50:20]} 13.
Qg3 {[%clk 0:49:24]} Ne5 {[%clk 0:42:39]} 14. Ba2 {[%clk 0:47:14]} f5 {[%clk
0:31:22]} 15. f4 {[%clk 0:39:36]} Nc6 {[%clk 0:28:23]} 16. Nd5 {[%clk 0:28:37]}
Nxd5 {[%clk 0:18:08]} 17. Bxc4 {[%clk 0:28:04]} Kh8 {[%clk 0:12:51]} 18. exd5
{[%clk 0:26:07]} Na5 {[%clk 0:08:49]} 19. Bd3 {[%clk 0:21:28]} Bh4 {[%clk
0:08:38]} 20. Qe3 {[%clk 0:21:56]} Re8 {[%clk 0:08:48]} 21. Qd4 {[%clk 0:18:25]}
a6 {[%clk 0:04:24]} 22. Nc3 {[%clk 0:16:25]} Rc8 {[%clk 0:04:52]} 23. h3 {[%clk
0:15:22]} Bg3 {[%clk 0:05:04]} 24. b4 {[%clk 0:13:13]} Bh4 {[%clk 0:01:18]} 25.
Bb2 {[%clk 0:13:04]} Bf6 {[%clk 0:01:43]} 26. Qf2 {[%clk 0:13:29]} Nc4 {[%clk
0:01:59]} 27. Bxc4 {[%clk 0:08:02]} Rxc4 {[%clk 0:02:26]} 28. Qg3 {[%clk
0:08:26]} Bd4+ {[%clk 0:01:46]} 29. Kh1 {[%clk 0:08:25]} Re3 {[%clk 0:01:58]} 30.
Qh2 {[%clk 0:08:35]} Bxh3 {[%clk 0:01:28]} 31. Rae1 {[%clk 0:07:36]} Rxe1 {[%clk
0:01:21]} 32. Rxe1 {[%clk 0:08:04]} Bg4 {[%clk 0:01:01]} 33. Qg3 {[%clk 0:04:46]}
Rxb4 {[%clk 0:00:42]} 34. Ba1 {[%clk 0:00:46]} Rc4 {[%clk 0:01:10]} 35. Ne4
{[%clk 0:00:50]} h6 {[%clk 0:00:42]} 36. Bxd4 {[%clk 0:00:34]} Rxd4 {[%clk
0:01:06]} 37. Nf2 {[%clk 0:00:51]} Bh5 {[%clk 0:01:03]} 38. Qh3 {[%clk 0:00:34]}
Bg6 {[%clk 0:00:59]} 39. Re6 {[%clk 0:00:40]} Kh7 {[%clk 0:00:34]} 40. Nd3 {[%clk
0:30:34]} Rxd5 {[%clk 0:30:36]} 41. Qf3 {[%clk 0:30:20]} Rd4 {[%clk 0:27:33]} 42.
Qxb7 {[%clk 0:29:18]} Rxa4 {[%clk 0:19:14]} 43. Re7 {[%clk 0:28:16]} Qf8 {[%clk
0:19:12]} 44. Kh2 {[%clk 0:19:41]} Qf6 {[%clk 0:18:49]} 45. g3 {[%clk 0:16:33]}
Re4 {[%clk 0:17:33]} 46. Rxe4 {[%clk 0:14:32]} fxe4 {[%clk 0:17:58]} 47. Nb4
{[%clk 0:14:47]} Qd4 {[%clk 0:17:43]} 48. Nd5 {[%clk 0:14:50]} e3 {[%clk
0:17:39]} 49. c3 {[%clk 0:14:18]} Qd2+ {[%clk 0:15:56]} 50. Kh3 {[%clk 0:14:40]}
Bd3 {[%clk 0:11:04]} 51. Qf7 {[%clk 0:13:33]} Bf1+ {[%clk 0:09:49]} 52. Kg4
{[%clk 0:11:11]} Qe2+ {[%clk 0:09:27]} 53. Kh4 {[%clk 0:09:32]} Qh2+ {[%clk
0:09:42]} 54. Kg4 {[%clk 0:10:01]} Bh3+ {[%clk 0:05:42]} 55. Kf3 {[%clk 0:10:29]}
Qf2+ {[%clk 0:05:46]} 56. Ke4 {[%clk 0:10:55]} Bg2+ {[%clk 0:06:01]} 57. Kf5
{[%clk 0:11:17]} Qc2+ {[%clk 0:05:12]} 58. Kg4 {[%clk 0:08:27]} Qd1+ {[%clk
0:05:28]} 0-1